<?xml version="1.0" encoding="UTF-8"?>
<record
    xmlns:xsi="http://www.w3.org/2001/XMLSchema-instance"
    xsi:schemaLocation="http://www.loc.gov/MARC21/slim http://www.loc.gov/standards/marcxml/schema/MARC21slim.xsd"
    xmlns="http://www.loc.gov/MARC21/slim">

  <leader>00642nam a2200193   4500</leader>
  <controlfield tag="005">20260306163424.0</controlfield>
  <controlfield tag="008">260306b        |||||||| |||| 00| 0 eng d</controlfield>
  <datafield tag="020" ind1=" " ind2=" ">
    <subfield code="a">978-81-19772-50-6</subfield>
  </datafield>
  <datafield tag="040" ind1=" " ind2=" ">
    <subfield code="a">National Science Library</subfield>
    <subfield code="c">National Science Library</subfield>
  </datafield>
  <datafield tag="080" ind1=" " ind2=" ">
    <subfield code="a">821.214.21 CHA</subfield>
    <subfield code="b">Q4.3</subfield>
  </datafield>
  <datafield tag="245" ind1=" " ind2=" ">
    <subfield code="a">&#x905;&#x92D;&#x947;&#x926;&#x94D;&#x92F; &#x939;&#x948; &#x935;&#x939; &#x91C;&#x94B; &#x935;&#x93F;&#x936;&#x93E;&#x932; &#x939;&#x948;</subfield>
    <subfield code="b">&#x92D;&#x93E;&#x917;-3</subfield>
  </datafield>
  <datafield tag="246" ind1=" " ind2=" ">
    <subfield code="a">Abhedya hai vah jo vishal hai</subfield>
  </datafield>
  <datafield tag="260" ind1=" " ind2=" ">
    <subfield code="a">Bhopal:</subfield>
    <subfield code="b">Aisect Publications,</subfield>
  </datafield>
  <datafield tag="300" ind1=" " ind2=" ">
    <subfield code="a">288p.</subfield>
  </datafield>
  <datafield tag="490" ind1=" " ind2=" ">
    <subfield code="a">&#x935;&#x93F;&#x91C;&#x94D;&#x91E;&#x93E;&#x928; &#x915;&#x935;&#x93F;&#x924;&#x93E; &#x915;&#x94B;&#x936;</subfield>
  </datafield>
  <datafield tag="650" ind1=" " ind2=" ">
    <subfield code="a">Hindi literature</subfield>
  </datafield>
  <datafield tag="700" ind1=" " ind2=" ">
    <subfield code="a">Choubey, Santosh (Ed.)</subfield>
  </datafield>
  <datafield tag="942" ind1=" " ind2=" ">
    <subfield code="2">udc</subfield>
    <subfield code="c">HBK</subfield>
  </datafield>
  <datafield tag="999" ind1=" " ind2=" ">
    <subfield code="c">67869</subfield>
    <subfield code="d">67869</subfield>
  </datafield>
  <datafield tag="952" ind1=" " ind2=" ">
    <subfield code="0">0</subfield>
    <subfield code="1">0</subfield>
    <subfield code="2">udc</subfield>
    <subfield code="4">0</subfield>
    <subfield code="6">82121421_CHA_Q43</subfield>
    <subfield code="7">0</subfield>
    <subfield code="9">183460</subfield>
    <subfield code="a">NSL</subfield>
    <subfield code="b">NSL</subfield>
    <subfield code="c">GF/REF/Rk-1/C-2/R-5</subfield>
    <subfield code="d">2025-02-21</subfield>
    <subfield code="h">Part-3</subfield>
    <subfield code="l">0</subfield>
    <subfield code="o">821.214.21 CHA. Q4.3</subfield>
    <subfield code="p">291100</subfield>
    <subfield code="r">2026-03-06 16:35:00</subfield>
    <subfield code="w">2025-02-21</subfield>
    <subfield code="y">HBK</subfield>
  </datafield>
</record>
